00409nam a22001337a 450000500170000000800410001702000150005804000130007308200280008610000220011424500970013626000310023330000110026420150930113826.0150930b xxu||||| |||| 00| 0 eng d a969407245X cPK-LaUMT aKHC 302.23095491bBUR-U aBurhanuddin Hasan aUncensoredban eyewitness account of abuse of powre and media in PakistancBurhanuddin Hasan aKarachibRoyal book c2000 a362 p.